| 000 | 00512cam a2200193ua 4500 | ||
|---|---|---|---|
| 020 | _cRs. 12.50 | ||
| 041 |
_aeng _h |
||
| 082 |
_a822 _bWAY/MO |
||
| 100 | _aWayne, Philip. | ||
| 245 | 0 | 0 |
_aModern one act plays / _cPhilip Wayne. _hTextual Documents |
| 260 |
_a : _bLongmans , _c1967. |
||
| 300 | _a203 ; . | ||
| 365 | _aRs. 12.50 | ||
| 440 | 0 |
_aThe Heritage of Literature series, _v4 _x; |
|
| 490 | 0 |
_aThe Heritage of Literature series, _v4 _x; |
|
| 504 | _a | ||
| 942 | _cBK | ||
| 999 |
_c622 _d622 |
||